UM Logo

Adam's and Victor's manual of neurology/ (Record no. 2805)

MARC details
000 -LEADER
fixed length control field 00651nam a22001937a 4500
008 - FIXED-LENGTH DATA ELEMENTS--GENERAL INFORMATION
fixed length control field 160527b xxu||||| |||| 00| 0 eng d
020 ## - INTERNATIONAL STANDARD BOOK NUMBER
International Standard Book Number 0071373519
082 ## - DEWEY DECIMAL CLASSIFICATION NUMBER
Edition number 2002
Classification number DC 616.8
Item number V66a
100 ## - MAIN ENTRY--PERSONAL NAME
9 (RLIN) 9306
Personal name Victor, Maurice
245 ## - TITLE STATEMENT
Title Adam's and Victor's manual of neurology/
Statement of responsibility, etc. Maurice Victor and Allan H. Ropper.
260 ## - PUBLICATION, DISTRIBUTION, ETC. (IMPRINT)
Place of publication, distribution, etc. Boston:
Name of publisher, distributor, etc. McGraw-Hill,
Date of publication, distribution, etc. c2002.
300 ## - PHYSICAL DESCRIPTION
Extent x, 547 pages:
Other physical details illustrations;
Dimensions 21 cm.
500 ## - GENERAL NOTE
General note Includes index.
650 #0 - SUBJECT ADDED ENTRY--TOPICAL TERM
9 (RLIN) 9307
Topical term or geographic name as entry element Neurology
Form subdivision Handbooks, manuals, etc.
650 #0 - SUBJECT ADDED ENTRY--TOPICAL TERM
9 (RLIN) 9308
Topical term or geographic name as entry element Adams and Victors manual of neurology
700 ## - ADDED ENTRY--PERSONAL NAME
9 (RLIN) 9309
Personal name Ropper, Allan H.
Relator term Author
365 ## - TRADE PRICE
Price amount 720.00
Currency code Php
942 ## - ADDED ENTRY ELEMENTS (KOHA)
Source of classification or shelving scheme Dewey Decimal Classification
Koha item type Circulation
Holdings
Withdrawn status Lost status Source of classification or shelving scheme Damaged status Not for loan Collection code Home library Current library Date acquired Source of acquisition Total Checkouts Full call number Barcode Date last seen Price effective from Koha item type
    Dewey Decimal Classification     Circulation UM Digos College - LIC UM Digos College - LIC 09/01/2004 Purchased   DC 616.8 V66a 2002 17656 05/15/2025 05/27/2016 Circulation